| 000 | 02013nam0a2200349 4500 | ||
|---|---|---|---|
| 001 | RU\NLR\BIBL_A\022361142 | ||
| 005 | 20260420020253.0 | ||
| 010 |
_a978-5-907816-20-6 _9500 |
||
| 021 |
_aRU _bКН-П-24-053440 _9КН-П-24-5321 |
||
| 035 | _a(NLR Aleph) 022361142 | ||
| 090 |
_a13668140 _c13668140 |
||
| 100 | _a20241023d2023 u y0rusy50 ca | ||
| 101 | 0 | _arus | |
| 102 | _aRU | ||
| 105 | _aa j 000yy | ||
| 181 | 0 |
_ai3 _baxxe |
|
| 182 | 0 | _an | |
| 200 | 1 |
_aКлеефанерные плиты _eучебное пособие _eдля обучающихся по специальности 08.05.01 - Строительство уникальных зданий и сооружений _fВ. Г. Житушкин, А. К. Рябухин, С. Л. Паниева _gМинистерство сельского хозяйства Российской Федерации, ФГБОУ ВО "Кубанский государственный аграрный университет имени И. Т. Трубилина" |
|
| 203 |
_aТекст _bвизуальный _cнепосредственный |
||
| 210 |
_aКраснодар _cКубГАУ _d2023 |
||
| 215 |
_a225 с. _cил., табл. _d21 |
||
| 320 | _aБиблиогр.: с. 217-223 (63 назв.) | ||
| 606 | 1 |
_aКлееные фанерные конструкции _jУчебные издания для высших учебных заведений _9935227 _3RU\NLR\AUTH\66345010 |
|
| 686 | 1 | _aН552.4я73-1 | |
| 686 | 1 | _aН442.35я73-1 | |
| 700 | 1 |
_aЖитушкин _bВ. Г. _gВалентин Григорьевич |
|
| 701 | 1 |
_aРябухин _bА. К. _cканд. техн. наук _gАлександр Константинович _9226421 _3RU\NLR\AUTH\770226477 |
|
| 701 | 1 |
_aПаниева _bС. Л. _cпреподаватель, строительство _gСветлана Леонидовна _9226497 _3RU\NLR\AUTH\770226553 |
|
| 942 | _cBOOK | ||
| 980 | _aNB | ||